000 00324 a2200157 4500
001 173663
020 _a
040 _cMagnum
100 _aTelles, Carlos Queiroz
240 1 0 _aO ninho dos morcegatos
_lpor
245 1 0 _aO ninho dos morcegatos
362 0 _a1899
440 1 _aFTD
697 _aIJ/GERAL
942 _cBK
999 _c173663
_d173663